Indo-European Languages - Sudden Death - Statistics

General Stats
  • This quiz has been taken 819 times
  • The average score is 10 of 20
Answers on the Grid
Answers color-coded by a green-red scale on the quiz's grid according to % correct below.
English
Persian
Hindi
Bengali
Sinhalese
Neapolitan
Armenian
Maltese
Russian
Nepali
Lithuanian
Icelandic
Irish
Breton
Kurdish
Arabic
Georgian
Pashto
Tamil
Oriya
Greek
French
Hungarian
Basque
Estonian
Finnish
Mongolian
Kazakh
Turkish
Chechen
Albanian
Korean
Japanese
Greenlandic
Romani
 
Answer Stats
Answer % Correct
English
62%
Greek
61%
French
60%
Russian
59%
Lithuanian
57%
Icelandic
56%
Persian
54%
Hindi
53%
Irish
52%
Albanian
48%
Neapolitan
48%
Breton
47%
Romani
46%
Armenian
45%
Bengali
45%
Pashto
41%
Nepali
40%
Kurdish
38%
Sinhalese
33%
Oriya
28%
No matching quizzes found
Score Distribution
Percent of People with Each Score
Percentile by Number Answered
Your Score History
You have not taken this quiz